ბათუმის შოთა რუსთაველის სახელმწიფო უნივერსიტეტის ბიბლიოთეკა

ჩანაწერი Topical Term

ჩანაწერთა რაოდენობა, რომელიც გამოყენებულია: 2

001 - CONTROL NUMBER

  • control field: 7395

003 - CONTROL NUMBER IDENTIFIER

  • control field: GE_BSU

005 - DATE AND TIME OF LATEST TRANSACTION

  • control field: 20200224123118.0

008 - FIXED-LENGTH DATA ELEMENTS

  • fixed length control field: 200224|| aca||aabn | a|a d

040 ## - CATALOGING SOURCE

  • Original cataloging agency: GE_BSU
  • Transcribing agency: GE_BSU

150 ## - HEADING--TOPICAL TERM

  • Topical term or geographic name entry element: Human anatomy
  • Form subdivision: Laboratory manuals.

670 ## - SOURCE DATA FOUND

  • Source citation: Work cat.: (GE_BSU)50412: Allen, Connie, 1945- author. 7394, Laboratory Manual for Anatomy and Physiology /